|
|
|
|
| LEADER |
00000nas a2200000 a 4500 |
| 001 |
ssj0011084 |
| 003 |
WaSeSS |
| 005 |
20200512172242.0 |
| 006 |
m d |
| 007 |
cr n |
| 008 |
010823c19839999enkfr pss go 0 a0eng c |
| 010 |
|
|
|a 2001252950
|
| 015 |
|
|
|a GBB407382
|2 bnb
|
| 016 |
7 |
|
|a 2050177-8
|2 DE-600
|
| 016 |
7 |
|
|a 015761268
|2 Uk
|
| 022 |
|
|
|a 1939-9022
|l 0738-2480
|y 0738-2480
|
| 035 |
|
|
|a (WaSeSS)ssj0011084
|
| 040 |
|
|
|a WAU
|b eng
|c WAU
|d OCLCQ
|d MYG
|d OCLCQ
|d EYM
|d OCLCQ
|d GUA
|d WAU
|d NSD
|d DOS
|d EEM
|d OCLCQ
|d DLC
|d OCLCO
|d OCLCE
|d OCLCQ
|d OCLCF
|d OCLCO
|d VT2
|d OCLCQ
|d DEBBG
|d NLE
|d GILDS
|d OCLCO
|d UKMGB
|d NJT
|d WaSeSS
|
| 042 |
|
|
|a pcc
|a nsdp
|
| 050 |
1 |
4 |
|a K12
|
| 082 |
1 |
0 |
|a 340
|2 14
|
| 130 |
0 |
|
|a Law and history review (Online)
|
| 210 |
1 |
0 |
|a Law hist. rev.
|b (Online)
|
| 222 |
|
0 |
|a Law and history review
|b (Online)
|
| 245 |
1 |
0 |
|a Law and history review
|h [electronic resource].
|
| 260 |
|
|
|a Ithaca, N.Y. :
|b Cornell Law School and the American Society for Legal History,
|c 1983-
|
| 260 |
3 |
|
|3 2006- :
|a Cambridge, UK :
|b Cambridge University Press
|
| 310 |
|
|
|a Semiannual,
|b spring 1998-
|
| 321 |
|
|
|a Three no. a year,
|b spring 1983-autumn 1997
|
| 362 |
0 |
|
|a Vol. 1, no. 1 (spring 1983)-
|
| 500 |
|
|
|a Imprint varies: Champaign, Ill. : University of Illinois Press for the American Society of Legal History, spring 1988-
|
| 500 |
|
|
|a Title from title screen (JSTOR, viewed Feb. 11, 2004).
|
| 506 |
|
|
|a License restrictions may limit access.
|
| 538 |
|
|
|a Mode of access: World Wide Web.
|
| 588 |
|
|
|a Latest issue consulted: Vol. 25, no. 2 (summer 2007) (viewed publisher's Web site Sept. 11, 2007).
|
| 650 |
|
0 |
|a Law
|x History
|v Periodicals.
|
| 650 |
|
7 |
|a Law.
|2 fast
|0 (OCoLC)fst00993678
|
| 655 |
|
0 |
|a Electronic journals.
|
| 710 |
2 |
|
|a Cornell Law School.
|
| 710 |
2 |
|
|a American Society for Legal History.
|
| 776 |
0 |
8 |
|i Print version:
|t Law and history review
|x 0738-2480
|w (DLC) 84645420
|w (OCoLC)9548757
|
| 856 |
4 |
0 |
|z Full text available from Research Library: 02/01/2012 to 1 year ago
|u https://search.proquest.com/publication/1586349
|